000 01127nam a22002297a 4500
001 78962
003 BD-RjUL
005 20211209083209.0
008 211205s20152010bg ||||| |||| 00| 0 ben d
020 _a9847013304004
_c: Tk.800.00
035 _a(BD-RjUL)79189
040 _aBD-RjUL
_beng
_cBD-RjUL
041 _aben
082 _223
_a954.9205092
_bHOT 2015
245 1 0 _aবঙ্গবন্ধু হত্যা মামলার ঐতিহাসিক রায় :
_b(আপীল বিভাগের মূল রায় সংযোজিত) /
_cগ্রন্থনা ও সম্পাদনা রবীন্দ্রনাথ ত্রিবেদী
260 _aঢাকা :
_bকাকলী প্রকাশনী,
_c২০১০ [মুদ্রণ ২০১৫]
300 _a৫৫৯ পৃ.;
_c২২ সেমি.
600 _aমুজিবুর রহমান,
_cশেখ,
_d১৯২০-১৯৭৫
_9250977
600 _aMujibur Rahman,
_cSheikh,
_d1920-1975
_9250978
700 _aত্রিবেদী, রবীন্দ্রনাথ
_9250979
942 _2ddc
_cBK
999 _c78962
_d78962